NBA Trivia Random - Statistics

General Stats
  • This quiz has been taken 478 times
  • The average score is 6 of 8
Answer Stats
Question Answer % Correct
What does NBA stand for? National Basketball Association
97%
Who is the commissioner of the NBA? Adam Silver
96%
Who leads the Nba in steals? John Stockton
86%
Who won the finals in 2016? Cavaliers
82%
Which NBA player has 9 fingers? Gerald Green
76%
Who won MVP in 2014 Kevin Durant
76%
What three numbers has Micheal Jordan worn? 23,12,45
73%
Who is the GOAT Micheal Jordan
55%
No matching quizzes found
Score Distribution
Percent of People with Each Score
Percentile by Number Answered
Your Score History
You have not taken this quiz